All Cities in Miami-Dade County - Statistics

General Stats
  • This quiz has been taken 222 times
  • The average score is 9 of 19
Answers on the Map
Answers color-coded by a green-red scale on the quiz's map according to % correct below.
 
Answer Stats
City % Correct
Miami
99%
Hialeah
89%
Miami Beach
87%
Homestead
74%
Miami Gardens
73%
North Miami
62%
Coral Gables
55%
Doral
47%
Florida City
46%
North Miami Beach
42%
South Miami
42%
Aventura
40%
Hialeah Gardens
30%
West Miami
28%
Miami Springs
25%
Opa-Locka
21%
Sweetwater
20%
Sunny Isles Beach
18%
North Bay Village
9%
No matching quizzes found
Score Distribution
Percent of People with Each Score
Percentile by Number Answered
Your Score History
You have not taken this quiz